Belgique : Ville de Liège en image - Statistiques

Statistiques générales
  • Ce quiz a été pris 96 fois
  • Le résultat moyen est 9 sur 12
Statistiques - réponses
Par images Hint Réponse % Correct
Le __ Carré
93%
La Gare _ ____ des Guillemins
93%
La Place __-___ Saint Lambert
93%
La ___ Médiacité
92%
La ___ _ __ montagne de Bueren
92%
L' __ opéra
83%
L' ___ aquarium
78%
Le __ Perron
76%
La ___ __-__ Cathédrale Saint Paul
64%
La collégiale __-___ Saint Barthélemy
63%
La __ __ grand poste
61%
La Statue du __ Toré
46%
Aucun quiz correspondant
Distribution des résultats
% des personnes avec chaque résultat
Percentile par nombre de réponses
Votre historique - résultats
Vous n’avez pas pris ce quiz